| 000 | 00635nam a22001937a 4500 | ||
|---|---|---|---|
| 999 |
_c182371 _d182371 |
||
| 005 | 20211111131935.0 | ||
| 010 | _aUR-11325 | ||
| 020 |
_c200.00 _a9789390789658 |
||
| 035 | _aU-9880 | ||
| 037 | _bDBAD/PUB | ||
| 082 | _a650.114 | ||
| 100 | _aا نو ر آ فا قی | ||
| 245 |
_aد و بد و ا د بی مکا لمہ _cا نو ر آ فا قی |
||
| 246 |
_aDu-Badu Adabi Makalma(Urdu) _bby Anwar Afaqi |
||
| 260 |
_aN.Delhi _c2021 ء _bEducational Publishing House |
||
| 270 |
_aD1/16,Ansari Road,Darya Ganj, _bNew Delhi _e110002 _l - |
||
| 300 |
_a176 ص _c22 Cm(Hb) |
||
| 942 |
_2ddc _cUR _h650.114 _mا ن و |
||